Quizzes
Events
Quiz Creation
Community
Videos
Private Events
Remove Ads
Sign In
Join for FREE
Feedback
Dark Mode
Quiz Categories
Sports
Geography
Music
Movies
Television
Just For Fun
Miscellaneous
History
Literature
Language
Science
Gaming
Entertainment
Religion
Holiday
For Kids
Quiz Lab
Recent
Popular Today
Quiz Kudos Today
Editor Picks
Curator Picks
Quizzes by...
Day
Popularity
Type
Ratings
Length
Year
Community
Subscriptions
Recent Discussions
Orange Saloon
Badges
Playlists
Quests
Create
Leaderboards
Showdown
Live 5
Trivia Bingo
Activity
Puzzle Library
Sporcle Events
Private Events
Virtual Trivia
Globe League
Become a Host
Pub Owners
SporcleCon
Opinionation
Our Games
Videos
Blog
Mobile Apps
Partnerships
Remove Ads and Go Orange
Feedback
Geography
Country
Landmarks
City
State
Population
World
Capital
Continent
Flags
Europe
Africa
Asia
South America
North America
Oceania
Border
Canada
United Kingdom
Topography
United States
Geography
Country
Landmarks
City
State
Population
World
Capital
Continent
Flags
Europe
Africa
Asia
South America
North America
Oceania
Border
Canada
United Kingdom
Topography
United States
Random Quiz
Search Sporcle
×
Quiz Lab
Quiz Lab
Geography
train
Type in answers that appear in a list
Type in answers that appear in a list
Classic
Best Score? Go Orange.
#1 Train Stops Stats
Can you name the stops on the #1 train?
By
wasteoftime
5m
38 Questions
245 Plays
245 Plays
245 Plays
Comments
Comments
Give Quiz Kudos
Give Quiz Kudos
-
- Ratings
hide this ad
Replay
Link that replays current quiz
Next Quiz
Link to next quiz in quiz playlist
You Got
0%
They Got
Avg Score
79%
Avg Friend Score
Upgrade to see
Score Distribution
Jump to the score distribution portion of the page
Score
0/38
Timer
05:00
0
Plays Today
Stop
% Correct
34th Street-Penn Station
93.4%
42nd Street-Times Square
93.4%
14th Street
91%
23rd Street
90.2%
72nd Street
88.9%
59th Street
88.5%
18th Street
88.1%
50th Street
88.1%
86th Street
87.3%
96th Street
87.3%
66th Street-Lincoln Center
86.5%
110th Street-Cathedral Parkway
86.5%
125th Street
86.5%
116th Street-Columbia University
86.1%
28th Street
85.2%
79th Street
85.2%
103rd Street
85.2%
South Ferry
82%
145th Street
82%
Stop
% Correct
137th Street-City College
81.6%
168th Street-Washington Heights
80.7%
181st Street
79.1%
157th Street
78.7%
191st Street
76.6%
207th Street
76.2%
242nd Street-Van Cortlandt Park
76.2%
225th Street-Marble Hill
75.4%
215th Street
74.2%
Canal Street
73%
Chambers Street
72.5%
Houston Street
70.9%
238th Street
70.1%
231st Street
69.3%
Christopher Street-Sheridan Square
68.9%
Rector Street
67.2%
Dyckman Street
65.2%
Cortlandt Street
60.7%
Franklin Street
58.6%
Quiz Playlist
Details
Report
Send in Message
Add To Playlist
Classic:
Type in answers that appear in a list
Quiz Source
Last Updated: Feb 16, 2017
Quiz Scoreboard
CHALLENGE
Sign Up to Join the Scoreboard
Show All
Scores
Hide
Comments
May contain spoilers
Recently Published
9x9 Crossword: Cartoon Network
by jackfrog10
Miscellaneous
3m
College Basketball Coaching Resumes
by pancakes188
Sports
9m
Billboard Blitz: Fleetwood Mac
by CooCooCachoo
Music
15s
More to Explore
Quiz From the Vault
Featured Blog Post
Where Did the Easter Bunny Come From?
hide this ad
You Might Also Like...
Tags
borough
stop
train
Today's Top Quizzes in Geography
Browse Geography
hide this ad
Today's Top Quizzes in train
Browse train
Top Contributed Quizzes in Geography
1
Countries of the World - No Outlines Minefield
2
Top 25 Cities of France on a map
3
Any capital of a 'B' country per Continent
4
Any capital of a 'C' country per Continent
5
Closest Countries to UK A-Z
6
Any capital of a 'D' country per Continent
7
5-to-1: US Geography No Hints
8
Any capital of an 'E' country per Continent
9
Any capital of an 'F' country per Continent
10
One Thing in Common: United Kingdom
Explore More
Trending Topics
Crossword
Disney
Kpop
Harry Potter
Anime
NBA
Marvel
Country
Pokémon
The Office
Song
Soccer
NFL
Puzzle
WWE
hide this ad
More By:
wasteoftime
Quiz
Plays
Rating
Category
Featured
Created
#1 Train Stops
245
5.00
Geography
Oct 7, 2009
Go to Creator's Profile
Score Distribution
Quiz Creator Spotlight
wasteoftime
Follow
Send a Message
Quizzes Created
-
Created Quiz Play Count
-
More By This Creator
Popular Quizzes Today
1
Find the US States - No Outlines Minefield
2
Find the Countries of Europe - No Outlines Minefield
3
The Countries of the World
4
Find the US States
5
Risky Map Clicking: Biggest States A-Z
6
US States
7
Popular People in 1961
8
Movies - When Are They Set?
More Geography Quizzes
Countries - Name 1 of 3
Quiz Lab
Trending Quizzes
Risky Map Clicking: Least Populous States A-Z
1-10 Letter G Words
1-10 Letter F Words
Risky Map Clicking: Next State Alphabetically
Adjectives in 80s TV Shows
Recently Updated
Leaping Animals
pecheneg
Reality TV Shows (A-Z)
bhenderson79
Rickey Henderson's Hall of Fame Teammates
pecheneg
Champions League XIs: Arsenal
pecheneg
Quick Pick: Celebrities in WWE's Hall of Fame
aduchscher
A-Z Keypad Blitz II
pecheneg
Multiple Oscar Actors
pecheneg
Mystery Phrase Blitz: Oscar 'Best Actors'
pecheneg
F. Scott Fitzgerald Novels
LTH
Pick 3 Villains
ddd62291
Trending Topics
Anime
Kpop
Crossword
Harry Potter
Disney
Marvel
NBA
Song
Pokémon
NFL
Puzzle
Country
WWE
The Office
Soccer
Your Account Isn't Verified!
In order to create a playlist on Sporcle, you need to verify the email address you used during registration. Go to your
Sporcle Settings
to finish the process.
Report this User
Report this user for behavior that violates our
Community Guidelines
.
Details:
Send Report
Go to the Sporcle.com Mobile Site →
Comments